How to work with juniors in the Sunday school. (Record no. 7397)

MARC details
000 -LEADER
fixed length control field 00677cam a22002411 4500
001 - CONTROL NUMBER
control field 6061431
003 - CONTROL NUMBER IDENTIFIER
control field GBCCL
005 - DATE AND TIME OF LATEST TRANSACTION
control field 20241126110627.0
008 - FIXED-LENGTH DATA ELEMENTS--GENERAL INFORMATION
fixed length control field 800516s1956 tnu 000 0 eng
010 ## -
-- 56042688
035 ## - SYSTEM CONTROL NUMBER
System control number (OCoLC)6326477
040 ## - CATALOGING SOURCE
Original cataloging agency DLC
Transcribing agency OBgU
Modifying agency DLC
042 ## -
-- premarc
050 00 -
-- BV1546
-- .R485
082 ## - DEWEY DECIMAL CLASSIFICATION NUMBER
Classification number 268.432
Item number RIC
100 1# - MAIN ENTRY--PERSONAL NAME
Personal name Rice, Lillian Moore.
9 (RLIN) 13088
245 10 - TITLE STATEMENT
Title How to work with juniors in the Sunday school.
260 ## - PUBLICATION, DISTRIBUTION, ETC.
Place of publication, distribution, etc. Nashville,
Name of publisher, distributor, etc. Convention Press
Date of publication, distribution, etc. [1956]
300 ## - PHYSICAL DESCRIPTION
Extent 143 p.
Dimensions 19 cm.
650 #0 - SUBJECT ADDED ENTRY--TOPICAL TERM
Topical term or geographic name entry element Religious education of children.
9 (RLIN) 5997
906 ## - LOCAL DATA ELEMENT F, LDF (RLIN)
a 7
b cbc
c oclcrpl
d u
e ncip
f 19
g y-gencatlg
942 ## - ADDED ENTRY ELEMENTS (KOHA)
Source of classification or shelving scheme Dewey Decimal Classification
Koha item type Books
Koha issues (borrowed), all copies 6
Holdings
Withdrawn status Lost status Source of classification or shelving scheme Damaged status Not for loan Home library Current Library Shelving location Date acquired Total checkouts Total renewals Full call number Barcode Date last seen Date last checked out Copy number Price effective from Koha item type
    Dewey Decimal Classification     GRACE BIBLE COLLEGE GRACE BIBLE COLLEGE Ministry & Mission 2018-08-06 6 1 268.432 RIC 002390 2025-09-18 2023-02-13 c.1 2018-08-06 Books
© Grace Bible College Library 2025